000
00285nam a2200109Ia 4500
008
190216s9999||||xx |||||||||||||| ||und||
100
_a
Albert Cotton F & Geoffrey Wilkinson
245
0
_a
Basic Inorganic Chemistry
260
_b
John Wiley & Sons
_c
2001
300
_a
838p
942
_c
BK
999
_c
2842
_d
2842